General Biology

Spremljeno u:
Bibliografski detalji
Glavni autor: Johnson, Willis H
Daljnji autori: Laubengayer, Richard A, DeLanney, Louis E
Format: Knjiga
Jezik:engleski
Izdano: New York, USA Holt, Rinehart and Winston 1961
Izdanje:Segunda edición
Teme:
Oznake: Dodaj oznaku
Bez oznaka, Budi prvi tko označuje ovaj zapis!

MARC

LEADER 00000nam a2200000 a 4500
001 UCL4682
003 CL-VaPUC
005 20230112074256.0
008 040123e19610000US |||||||||||||||||eng|d
999 |c 307479  |d 307477 
040 |c Pontificia Universidad Católica de Valparaíso 
082 0 4 |a 570 JOH 1961  |2 21 
100 0 |a Johnson, Willis H  |9 482315 
245 1 0 |a General Biology 
250 |a Segunda edición 
260 |a New York, USA  |b Holt, Rinehart and Winston  |c 1961 
300 |a 655 páginas 
583 |a last modification  |c 20040123 00:00:00  |k Rodrigo Vera 
650 0 |a Biología  |9 262022 
650 0 |a Citología  |9 261432 
650 7 |a FISIOLOGIA  |2 CL-VaPUC  |9 482318 
700 0 |a Laubengayer, Richard A  |9 482316 
700 0 |a DeLanney, Louis E  |9 482317 
942 |c BK  |2 ddc 
945 |d 20040123 00:00:00  |a cmena 
952 |0 0  |1 0  |2 ddc  |4 0  |6 570_000000000000000_JOH_1961  |7 0  |8 A  |9 373452  |a BIBCUR  |b BIBCUR  |d 2019-11-21  |i 2110288  |o 570 JOH 1961  |p 2110288  |r 2025-04-22  |t 1  |w 2019-11-21  |y BK  |k BIO